| 000 | 00340 a2200109 4500 | ||
|---|---|---|---|
| 001 | ART_18314 | ||
| 005 | 20260410161919.0 | ||
| 008 | 260409a | ||
| 245 | 1 | 0 | _aLa exportación e importación para consumo y el IVA |
| 100 | 1 | _aFratalocchi, Aldo | |
| 773 | 0 |
_tLa información _g- Tomo XXXIII, Nº 556 (abr. 1976) _wREV14902 |
|
| 999 |
_c27528 _d27528 |
||